| 000 | 00623nam a22001817a 4500 | ||
|---|---|---|---|
| 005 | 20251108164320.0 | ||
| 008 | 250721s1990 xx 000 0 ara d | ||
| 082 | 1 | 4 | _a660.6092/يان |
| 100 | 1 | _aيانشنسكي، ستيفاني | |
| 245 | 1 | 0 |
_aهندسة الحياة : _bالعصر الصناعي للبيوتكنولوجيا / |
| 264 | 1 |
_aالقاهره : _bالهيئه المصريه العامه للكتاب، _c1990. |
|
| 300 | _a215ص | ||
| 650 | 1 | 7 | _aالبيولوجيا |
| 650 | 1 | 7 | _aالكيمياء الصناعية |
| 700 | 1 |
_aمستجير، أحمد _eترجمة |
|
| 942 |
_2ddc _cBK |
||
| 999 |
_c9136 _d9136 |
||